000 00350nam a2200145Ia 4500
008 210210b1994 xxu||||| |||| 00| 0 eng d
020 _a81 7167 176 4
082 _a220.02 MENO
100 _aMENEZES (Mariadas).
245 _aOne thousand bible quiz.
260 _aND
_bRupa & Co
_c1994
300 _a190
690 _aChristianity
906 _a048707
999 _c97735
_d97735